000
00355nam a2200169Ia 4500
100
_a
Bhasker/W/W./ Prabhu/N/S.
650
_a
English
490
_v
1
942
_c
BK
654
_a
English.
245
_a
English through reading
260
_b
Macmillan India Ltd.
_a
Delhi
_c
1980
082
_a
428
300
_a
89
546
_a
ENGLISH
999
_c
34216
_d
34216